[Event "FRA-chT Gp-A"]
[Site "France"]
[Date "2003.04.04"]
[Round "5.6"]
[White "Kosten, Anthony C"]
[Black "Relange, Eloi"]
[Result "0-1"]
[WhiteElo "2545"]
[BlackElo "2499"]
[Annotator "Ribli,Z"]
[PlyCount "143"]
[EventDate "2003.01.31"]
[EventType "team"]
[EventRounds "7"]
[EventCountry "FRA"]
[SourceTitle "CBM 095"]
[Source "ChessBase"]
[SourceDate "2003.07.25"]
[SourceVersion "1"]
[SourceVersionDate "2003.07.25"]
[SourceQuality "1"]
[WhiteTeam "Monaco"]
[BlackTeam "Clichy"]
[WhiteTeamCountry "FRA"]
[BlackTeamCountry "FRA"]

1. Nf3 Nf6 2. c4 (2. g3 g6 3. b4 Bg7 4. Bb2 O-O 5. c4 d5 6. Bg2 (6. cxd5 $5)
6... dxc4 7. Na3 Nd5 8. Bxg7 Kxg7 9. Qc2 Kg8 10. Qxc4 Be6 (10... c6 11. O-O Nd7
12. Qh4 e5 13. Ng5 N7f6 14. b5 {1-0 Hort,V-Krisko,M/Trinec 1972/MCD (26)}) 11.
Qh4 Nf6 12. e4 $6 (12. Ng5 $5 Bd5 13. e4) 12... Qd3 13. e5 Nh5 14. Nd4 Qxa3 15.
Bxb7 Nd7 16. Bxa8 Rxa8 17. Nxe6 fxe6 18. Qxe7 Nxe5 {0-1 Castro,S-Rodriguez
Costa,M/Lalin 2000/EXT 2001 (29)}) 2... g6 3. g3 (3. b4 $5 {Dieser Zug wurde
in der klassischen Partie Reti,R - Capablanca, J.-R. New York 1924 gespielt .}
Bg7 4. Bb2 O-O 5. g3 d6 6. Bg2 e5 7. O-O Re8 8. d3 Nbd7 9. Nbd2 Nf8 10. Qc2 Ne6
11. e3 {1-0 Kosten,A-Jones,R/Telford ENG 2003/(27)}) 3... Bg7 4. b4 $6 {
Dieser Zug wäre viel besser in 3. Zug - jetzt erhält Schwarz die Initiative.}
d5 $5 {[%cal Gg7a1]} 5. Bb2 {Mit diesem Zug Weiss opfert einen Bauern fuer die
Initiative.} (5. cxd5 Nxd5 6. d4 Nxb4 $17) (5. e3 $15) 5... dxc4 $15 {[%csl
Gc4] Weiß hat einen Bauern weniger und er hat keine ausreichende Kompensation.}
6. Na3 Qd6 {[%csl Rb4]} (6... Be6 7. Rc1 Qd6 $15) 7. Rb1 (7. Qa4+ Bd7 (7... Nc6
8. Bc3 a6 9. b5 $13) 8. b5 Qd5 9. Bg2 a6 $15) 7... O-O {7...Qxb4?? waere ganz
schlecht wegen 8.Bxf6.} 8. Nxc4 Qxb4 9. Nfe5 (9. Bxf6 Qxc4 10. Bxe7 Re8 11. Bg5
Qxa2 $17) 9... Bf5 10. a3 (10. Rc1 Nbd7 $17) 10... Qc5 11. d3 Nc6 {Schwarz hat
nicht nur Materialvorteil, seine Entwicklung ist auch besser.} (11... Nbd7) 12.
Bg2 Nxe5 13. Nxe5 Qa5+ $1 (13... c6 $15) 14. Qd2 (14. Kf1 c6 $17) 14... Qxd2+
15. Kxd2 c6 {Weiß hat aktives Figurenspiel und einigen positionellen Druck am
Damenflügel, aber er hat keine Drohungen und Schwarz kann seine Stellung
stufenweise verbessern.} 16. Ba1 Rab8 17. Nc4 {[%cal Gc4a5,Ga1e5,Ge5b8] Jetzt
droht 18.Be5 und auch 18.Na5.} Nd7 18. Bxg7 Kxg7 19. Rb2 (19. a4 Be6 20. Rhc1
Bd5 $15) 19... Be6 20. Na5 {[%csl Ga5] Der Springer steht aktiv auf a5.} (20.
Rhb1 Bxc4 21. dxc4 Nc5 $19) 20... Nb6 21. Rhb1 Rfc8 $1 {[%mdl 256] Der zweite
Turm kommt auch ins Spiel.} 22. a4 Rc7 23. Rb4 (23. Nxb7 $2 Rcxb7 24. a5 Nc4+
$19) (23. Nxc6 $5 bxc6 24. a5 Nc4+ 25. dxc4 Rxb2+ 26. Rxb2 Bxc4 27. Kc3 $15)
23... Rd8 {[%cal Gd8d2]} 24. Kc1 $6 (24. Rc1 Bd5 $15) 24... c5 {[%cal Gc5c4,
Gc7c1]} 25. R4b2 c4 (25... Nxa4 26. Rxb7 $132) 26. Rc2 {[#]} cxd3 $1 $17 {
Mit diesem schönen Zug kann Schwarz die Stellung vereinfachen.} 27. exd3 (27.
Rxc7 dxe2 {[%csl Ge2]} 28. Kb2 Rd1 $19) 27... Rxc2+ 28. Kxc2 Rd4 {[%csl Ra4]} (
28... Bf5 29. Be4 Bxe4 30. dxe4 Rd4 31. Nxb7 Rxa4 $17) 29. Nxb7 Rxa4 {[%csl
Ga7] Schwarz hat einen Bauern mehr und sein entfernter a7-Freibauer ist
besonders stark.} 30. Rb2 Bf5 31. Kd2 Ra3 (31... Rd4 32. Nc5 Nd7 33. Ne4 Bxe4
34. Bxe4 f5 35. Bg2 Nc5 36. Kc3 Rd7 $17 (36... Rxd3+ $2 37. Kc4 $16)) 32. Nc5
Na4 (32... e5 $17) (32... Kf6 $17) 33. Nxa4 Rxa4 {[%mdl 4096] Schwarz hat
einen Bauern mehr und bessere Bauernstruktur.} 34. Ke3 Be6 (34... Ra3 $17) 35.
Rb7 Kf6 36. h4 Ra1 {Mit diesem Zug bereitet Schwarz den Vormarsch des a-Bauern
vor.} 37. Bc6 h5 38. f4 Bf5 (38... a5 $17) 39. Be4 Be6 (39... Bxe4 $2 40. dxe4
$15) 40. Bc6 Ra3 41. Be4 Ra2 42. Bc6 Ra1 43. Kd4 $6 {Weiß verliert die Geduld
und lässt den g3-Bauern ohne Verteidigung.} (43. Be4 a5 $17) 43... Rg1 {
[%csl Rg3]} 44. Rxa7 Rxg3 {[%csl Rd3,Rf4,Rh4] Weiß hat eine katastrophale
Bauernstruktur - alle seine Bauern sind schwach.} 45. Ra6 Rh3 (45... Rg4 $17)
46. Bd7 Kf5 $1 {[%csl Rd4,Gf5] Endlich kommt der schwarze König sehr stark ins
Spiel. Der weiße König ist von seinen Bauern abgeschnitten.} (46... Rxh4 47.
Bxe6 fxe6 48. Ke3 Rh1 $17) 47. Bxe6+ fxe6 48. Ra8 e5+ (48... Kxf4 $19) 49. fxe5
Rxh4+ 50. Ke3 Kxe5 $19 {Mit zwei Bauern mehr steht Schwarz auf Gewinn.} 51.
Ra5+ Kf6 52. d4 Rh1 53. Ra6+ Kf5 (53... e6 54. d5 Kf5 55. dxe6 Re1+ $19) 54.
Ra5+ Kg4 55. Kf2 Rh2+ 56. Ke3 Rh3+ 57. Ke2 Rb3 58. Re5 (58. Ra7 e6 $19) 58...
Rb7 59. Ke3 h4 60. Re4+ Kh5 61. Kf4 g5+ {[%csl Gg5,Gh4] Mit zwei verbundenen
Freibauern gewinnt Schwarz leicht.} 62. Kf3 Rb3+ 63. Kf2 Rb2+ 64. Ke3 h3 65.
Rxe7 h2 66. Rh7+ Kg4 67. d5 Kg3 68. d6 Rb6 69. Rh5 (69. d7 Rd6 $19) 69... g4 (
69... Rxd6 70. Rxg5+ Kh4 71. Rg8 Rd5 $19) 70. d7 Re6+ 71. Kd4 h1=Q {Dieser Zug
ist weniger logisch als die Alternative 71...Rd6+, was viel einfacher ist.} 72.
Rxh1 0-1

[Event "RUS-Cup06"]
[Site "Nizhnij Novgorod"]
[Date "1998.07.03"]
[Round "5"]
[White "Rustemov, Alexander"]
[Black "Turov, Maxim"]
[Result "0-1"]
[WhiteElo "2575"]
[BlackElo "2445"]
[Annotator "Ribli,Z"]
[PlyCount "76"]
[EventDate "1998.06.29"]
[EventType "swiss"]
[EventRounds "9"]
[EventCountry "RUS"]
[SourceTitle "EXT 2000"]
[Source "ChessBase"]
[SourceDate "1999.11.16"]
[SourceVersion "1"]
[SourceVersionDate "1999.11.16"]
[SourceQuality "1"]

1. c4 Nf6 2. g3 g6 3. Bg2 d5 4. cxd5 Nxd5 5. Qb3 {Dieser Zug ist nur scheinbar
aktiv, denn in Wirklichkeit steht die Dame nicht besonders gut auf b3. Ribli.}
(5. Qa4+ c6 (5... Nc6 6. Nc3 e6 7. Nxd5 exd5 8. Qb5 Be6 9. Qxb7 Nd4 10. Rb1 Bc5
11. Nf3 Rb8 12. Qa6 Nc2+ 13. Kf1 O-O 14. Qa4 Bf5 15. d3 Nb4 16. Ra1 Qe7 17. Qd1
Rfe8 18. a3 Nc6 19. b4 Bb6 20. Bb2 a5 21. Rc1 {Ivacic,V-Skok,J/Ljubljana op
1993/1-0 (42)}) 6. Qd4 f6 7. Nf3 Bg7 8. O-O O-O 9. Qc4 Be6 10. Qc2 Na6 11. Nc3
Nab4 12. Qb1 c5 $13 {1/2-1/2 Schaller,S-Roeber,B/GER-ch 1995 (39)}) (5. Nc3 $5
{Ich empfehle für Weiß diesen Zug.}) 5... c6 $5 (5... Nb6 6. Qc3 f6 7. e3 (7.
d4 Bg7 8. h4 Nc6 9. e3 Be6 10. Ne2 O-O 11. O-O Bc4 12. Re1 e5 13. Nd2 Bxe2 14.
Bxc6 bxc6 15. Rxe2 exd4 16. exd4 Qd7 17. Nf3 Nd5 18. Qc4 Rfb8 19. b3 Bf8 20.
Bd2 a5 21. Rae1 Kg7 22. Kg2 Bb4 23. h5 Bxd2 24. Nxd2 Nf4+ {1/2-1/2 Kupreichik,
V-Turov,M/RUS-Cup06 1998}) (7. b3 Bg7 8. Bb2 e5 9. d4 exd4 10. Qxd4 O-O 11. e3
Qxd4 12. Bxd4 c6 13. Ne2 Be6 14. O-O N8d7 15. Nf4 Bf7 16. Bh3 f5 17. Bxg7 Kxg7
18. Nc3 Nf6 19. Rfd1 Rad8 {Kalaitzidis,P-Tsiamis,K/ch-GRE (team), Poros GRE
1998/1/2-1/2 (60)}) 7... Bg7 8. d4 Qd7 9. Ne2 Nc6 10. O-O O-O 11. Qb3+ Kh8 12.
Nbc3 e5 13. d5 Na5 14. Qc2 Nac4 15. a4 a5 16. b3 Nd6 17. Ba3 Rf7 18. Rac1 Qd8
19. Rfd1 $14 {1-0 Niesel,M-Behl,T/Porz op27 1991 (30)}) (5... Nf6 6. Bxb7 Bxb7
7. Qxb7 Nbd7 8. Nf3 Bg7 9. O-O O-O 10. d3 Nb6 11. Qc6 Nfd5 12. Nbd2 Qd6 13. Qc2
{1-0 Mednis,E-London,D/New York Marshall/Enhance 1994 (30)}) 6. e4 $6 {Dieses
Vorgehen ist zu direkt und schwächt das Feld d4.} (6. d4 $5 $14) 6... Nc7 7.
Ne2 e5 $5 {[%csl Yd4]} (7... Bg7 8. d4 Bxd4 9. Nxd4 Qxd4 10. Bh6 $44 {[%csl
Re8] Weiß hat einen Bauern weniger, aber er ist stark auf den schwarzen
Feldern.}) 8. O-O Bg7 {[%cal Gg7d4]} 9. d3 O-O 10. Be3 b6 {[%csl Rb3] Schwarz
plant 11...c5 zu ziehen, damit der weiße d3-Bauer eine dauerhafte Schwäche
bleibt.} 11. Rd1 c5 {Rechtzeitig. Sonst kann Weiß d3-d4 mit Vorteil ziehen.}
12. a3 $6 {Weiss möchte das Feld c2 für die Dame sichern, aber der Textzug
schwächt den Damenflügel.} Nc6 13. Qc2 a5 {Schwarz dominiert das Brett. Die
Partiefortsetzung verhindert die eventuelle Möglichkeit b2-b4 und mit späterem
...a5-a4 kann Schwarz mehr Raum gewinnen.} 14. Nbc3 Be6 {[%csl Yb3,Rd3,Yd4]}
15. Rac1 Rc8 $15 {[%cal Gc8c2]} 16. b3 $6 (16. Na4 Nb5 $15 {[%cal Gb5d4,Gc6d4]}
) (16. Qb1 Bb3 $15 {[%csl Gb3,Rd1,Rd3]}) 16... Nd4 {[%csl Rb3,Rc2,Gd4,Ge6]} 17.
Bxd4 $8 cxd4 {[%cal Gc8c1]} 18. Na4 Na6 {Weiß hat große Schwerigkeiten am
Damenflügel. Die Bauern auf a3 und b3 sind schwach, das Feld c3 ist ein
positionelles Loch. Zudem steht auch noch die Dame schlecht.} 19. Qb1 Qd6 $1 {
[%csl Ra3,Rb3][%cal Rd6a3]} 20. b4 {Dieses "Bauernopfer" ist erzwungen.} (20.
Qa2 b5 21. Nb2 a4 $17 {[%csl Ra2,Rb3,Ge6][%cal Re6a2]}) (20. Qb2 b5 $19 {
[%csl Ra4]}) 20... axb4 21. axb4 Nxb4 $17 {Schwarz hat einen Bauern mehr, das
Läuferpaar und Raumvorteil am Damenflügel. Es ist nicht leicht für Weiß, etwas
Gegenspiel zu organisieren.} 22. Rxc8 Rxc8 23. Nb2 {[%csl Rb2] Der Springer
steht schrecklich auf b2, aber jetzt oder später muß Weiß wegen ...b6-b5 so
spielen.} b5 24. Bf3 Na2 {[%csl Yc3][%cal Ga2c3] Der Springer strebt nach c3.}
25. Rf1 Nc3 {[%csl Gc3]} 26. Qa1 {[%csl Ra1] Die Alternative 26.Qe1 war auch
nicht schön.} (26. Nxc3 dxc3 $19 {[%csl Gc3]}) 26... Bf8 {[%cal Gf8a3] In der
langen Diagonalen bewirkt der Läufer nichts, während er von f8 am Damenflügel
helfen kann.} 27. Nd1 Qa3 28. Ndxc3 dxc3 {[%csl Gb5,Gc3,Ge6,Rf3,Gf8] Schwarz
verfügt wegen der beiden verbundenen Freibauern, die vom Läuferpaar
unterstützt werden, ausgezeichnete Gewinnchancen.} 29. d4 {Der erste und
zugleich letzte aktive Zug des Weißen in dieser Partie.} exd4 30. Nxd4 Bc4 {
[%csl Gb5,Gc3][%cal Rc4f1] Die Partie ist praktisch entschieden. Früher oder
später geht´s vorwärts mit den schwarzen Damenflügelbauern.} 31. Qxa3 (31. Re1
Qxa1 32. Rxa1 Bc5 $19) 31... Bxa3 32. Re1 Bc5 {[%csl Gb5,Gc3,Gc4,Gc5]} 33. Nc2
Bb3 34. Rc1 (34. Na1 Ba4 $19 {[%csl Ra1]}) (34. Bd1 Rd8 $19 {[%csl Rc2][%cal
Rd8d1]}) 34... Bxc2 35. Rxc2 b4 $19 {Die Freibauern sind nicht zu halten.} 36.
Bd1 b3 {[%cal Rb3b2,Rb2b1,Rc3c2,Rc2c1]} 37. Re2 c2 38. Bxc2 Bxf2+ $1 {und Weiß
gab auf.} (38... bxc2 39. Rxc2 Kf8 $19) (38... Bxf2+ 39. Kxf2 (39. Rxf2 bxc2
$19 {[%cal Rc2c1]} (39... Rxc2 $19 {[%cal Rb3b2,Rb2b1]})) 39... Rxc2 $19 {
[%csl Gb3]}) 0-1

[Event "Hastings 9091"]
[Site "Hastings"]
[Date "1990.12.??"]
[Round "10"]
[White "Speelman, Jonathan S"]
[Black "Olafsson, Helgi"]
[Result "1-0"]
[WhiteElo "2605"]
[BlackElo "2595"]
[Annotator "Ribli,Z"]
[PlyCount "92"]
[EventDate "1990.12.??"]
[EventType "tourn"]
[EventRounds "14"]
[EventCountry "ENG"]
[EventCategory "13"]
[SourceTitle "CBM 022"]
[Source "ChessBase"]
[SourceDate "1991.06.01"]
[SourceVersion "1"]
[SourceVersionDate "1991.06.01"]
[SourceQuality "1"]

1. Nf3 Nf6 2. c4 b6 3. d3 $5 e6 4. e4 d6 5. g3 Bb7 6. Bg2 Be7 7. O-O O-O (7...
c5 $5 8. Ne1 Nc6) 8. Ne1 Nfd7 (8... c5 $2 9. e5 $1 Bxg2 10. exf6 Bxf1 11. fxe7
Qxe7 12. Kxf1 $16) (8... Qc8 $5 {/\ c5}) 9. d4 c5 10. d5 exd5 11. exd5 b5 12.
cxb5 a6 13. bxa6 Nxa6 14. Nc3 Nb6 15. Nc2 Nb4 16. Nxb4 cxb4 17. Ne2 Ra5 18. Bd2
Nxd5 19. a3 Qb6 20. Qb3 Rfa8 21. Rac1 Rb5 22. a4 Rba5 23. Rfd1 Bf8 24. Be1 Nf6
25. Qxb4 Qxb4 26. Bxb4 Bxg2 27. Kxg2 (27. Bxa5 Bf3 $1) 27... Rxa4 28. Bxd6 Ra2
29. Rb1 Bxd6 30. Rxd6 Ne4 31. Rb6 g6 32. Rb4 Re8 33. Rxe4 $1 Rxe4 34. Nc3 Raa4
35. Kf3 $1 Reb4 36. Nxa4 Rxa4 37. b4 Kf8 38. b5 Ke7 39. b6 Ra8 40. b7 Rb8 41.
Kf4 Ke6 42. Kg5 h5 43. Rb6+ Ke7 44. h4 Kd7 45. Kf6 Ke8 46. Rb1 Kf8 1-0

[Event "Interzonal-15"]
[Site "Manila"]
[Date "1990.??.??"]
[Round "6"]
[White "Vaganian, Rafael A"]
[Black "Popovic, Petar"]
[Result "1/2-1/2"]
[WhiteElo "2630"]
[BlackElo "2520"]
[Annotator "Ribli,Z"]
[PlyCount "99"]
[EventDate "1990.06.29"]
[EventType "swiss"]
[EventRounds "13"]
[EventCountry "PHI"]
[SourceTitle "CBM 019"]
[Source "ChessBase"]
[SourceDate "1990.12.01"]
[SourceVersion "1"]
[SourceVersionDate "1990.12.01"]
[SourceQuality "1"]

1. Nf3 Nf6 2. c4 g6 3. b4 a5 $5 4. b5 Bg7 5. Bb2 d6 6. g3 (6. e3 O-O 7. d3 Nbd7
8. Nc3 e5 9. Qc2 Nc5 10. Be2 Re8 11. Nd2 a4 $5 12. Ba3 e4 13. d4 Nd3+ 14. Bxd3
exd3 15. Qxd3 Bf5 16. Qe2 Nh5 17. O-O Bxd4 18. Rac1 Bg7 $10 {Hecht,H-Geller,E,
Moscow 1977}) 6... c5 $5 (6... b6 $5) (6... O-O 7. Bg2 e5 8. d3 Nh5 9. Qc2 f5
10. Nbd2 Be6 11. O-O Nd7 12. Ne1 Rb8 13. e3 g5 $13 {Hecht,H-Vaganian,R,
Budapest 1973}) 7. Bg2 O-O 8. O-O e5 9. d3 (9. e3 $6 Bf5 10. d4 e4 11. Nfd2
Nbd7 $15) 9... Ra7 $1 {/\b6,Re7} 10. Nc3 b6 11. Nd2 Nh5 12. e4 (12. Nd5 f5 13.
f4 Be6 $13) 12... Nd7 (12... Be6 $5 $10) 13. Re1 $6 (13. Bc1 $142) 13... Ndf6
14. Nd5 Re8 (14... Nxd5 $5 15. cxd5 f5 $13 {/\} 16. exf5 Bxf5 17. g4 $2 Nf4 18.
gxf5 Qg5 19. Qf3 Nxg2 $19) 15. a4 Bh6 $13 16. Rf1 Nxd5 $5 17. cxd5 f5 18. exf5
(18. Nc4 f4 $40) 18... Bxf5 (18... Bxd2 $2 19. Qxd2 Bxf5 20. f4 $1 exf4 21.
gxf4 $40) 19. Nc4 Nf6 20. Qb3 Rf7 21. Rae1 Ref8 22. h3 Bc8 $1 {/\Nh5-g7-f5} 23.
Re2 Nh5 24. Rfe1 Ng7 25. Nd2 Bxd2 $5 26. Rxd2 Nf5 $15 27. Qc4 (27. f4 $2 exf4
28. gxf4 Nd4 $19) 27... h5 $6 {׻} (27... Nd4 $1 28. Bxd4 exd4 29. Rde2 g5 $1
$15 {><f2,h3}) 28. Rde2 Kh7 (28... Nd4 29. Bxd4 exd4 30. Qc1 $132) 29. Qc1 Ng7
(29... Nd4 30. Bxd4 exd4 31. h4 $10) 30. Qd2 Bb7 31. Bc1 Kg8 32. Qh6 Bc8 $1 33.
Bg5 Qc7 34. f4 $6 (34. Qxg6 $5 Bf5 35. Qh6 Bxd3 36. Rd2 Bh7 37. Be4 $13) 34...
Nf5 $1 35. Qxg6+ Rg7 36. Qxh5 Nxg3 $17 37. Qh4 Nxe2+ 38. Rxe2 exf4 39. Bxf4 Bf5
$2 (39... Qf7 $1 40. Rf2 (40. Bxd6 $4 Qf1+ 41. Kh2 Qxe2) 40... Qg6 $17) 40. Bh6
Bxd3 41. Bxg7 Qxg7 42. Re3 $1 (42. Re7 Qd4+ 43. Qxd4 cxd4 44. Rb7 Bc2 $17)
42... Bg6 43. Re6 $132 Bf5 44. Rxd6 c4 45. Rc6 c3 46. d6 c2 47. d7 $1 (47. Kh2
Qe5+ 48. Qg3+ Qxg3+ 49. Kxg3 Rc8 $19) 47... Qxd7 (47... Qa1+ 48. Kh2 Qe5+ 49.
Kh1 $10 Bxd7 $2 50. Rxc2) 48. Bd5+ $1 Qxd5 $8 49. Qg5+ Kh8 $8 (49... Kf7 50.
Rc7+ $18) 50. Qh6+ $10 1/2-1/2

[Event "Altensteig"]
[Site "Altensteig"]
[Date "1990.??.??"]
[Round "5"]
[White "Stangl, Markus"]
[Black "Paehtz, Thomas Sr"]
[Result "1-0"]
[WhiteElo "2435"]
[BlackElo "2445"]
[Annotator "Ribli,Z"]
[PlyCount "83"]
[EventDate "1990.07.??"]
[EventType "tourn"]
[EventRounds "11"]
[EventCountry "GER"]
[EventCategory "9"]
[SourceTitle "CBM 020"]
[Source "ChessBase"]
[SourceDate "1991.02.01"]
[SourceVersion "1"]
[SourceVersionDate "1991.02.01"]
[SourceQuality "1"]

1. Nf3 Nf6 2. c4 d6 3. g3 c6 4. d4 Bf5 5. Nbd2 h6 6. Bg2 Nbd7 7. O-O e5 8. Qb3
Qc7 9. Qe3 Be7 10. b3 O-O 11. Bb2 Rfe8 12. Nh4 (12. dxe5 dxe5 13. Bxe5 $2 Nxe5
14. Qxe5 Qxe5 15. Nxe5 Bb4 $1 $17) 12... Bh7 13. Qc3 Bf8 14. e4 Qb6 15. Rfe1
exd4 16. Qxd4 Qxd4 17. Bxd4 g5 18. Nf5 Bxf5 19. exf5 Rxe1+ 20. Rxe1 a6 21. Ne4
Nxe4 22. Rxe4 a5 23. f6 $1 a4 24. b4 a3 25. h4 $1 gxh4 26. Rxh4 Ne5 27. Bc3 Nd3
28. Rd4 Nb2 29. Bf3 Rc8 30. Bd2 Re8 31. Bh5 $1 Re6 32. Rg4+ Kh7 33. Bxf7 Rxf6
34. Bg8+ Kh8 35. Bc3 Bg7 36. Bxf6 Bxf6 37. Be6 Bc3 38. Rg8+ Kh7 39. Rb8 Kg6 40.
Rxb7 Kf6 41. Bg8 Nd3 42. b5 1-0

[Event "CZE-ch"]
[Site "Turnov"]
[Date "1996.??.??"]
[Round "2"]
[White "Stocek, Jiri"]
[Black "Nedela, Vlastimil"]
[Result "1-0"]
[WhiteElo "2465"]
[BlackElo "2445"]
[Annotator "Ribli,Z"]
[PlyCount "63"]
[EventDate "1996.??.??"]
[EventType "tourn"]
[EventRounds "11"]
[EventCountry "CZE"]
[EventCategory "8"]
[SourceTitle "CBM 054"]
[Source "ChessBase"]
[SourceDate "1996.10.01"]
[SourceVersion "1"]
[SourceVersionDate "1996.10.01"]
[SourceQuality "1"]

1. Nf3 Nf6 2. c4 g6 3. b4 {Eine bekannte Idee seit der Partie Reti-Capablanca,
New York 1924.} Bg7 4. Bb2 c6 (4... d6 $5) 5. d3 (5. e3 a5 6. b5 cxb5 7. cxb5
d6 8. d4 O-O 9. Be2 Nbd7 10. O-O Nb6 11. Nbd2 Bf5 12. Qb3 $14 {Vladimirov,
E-Fernandez,JL/Logrono/1991/}) 5... d5 6. Nbd2 O-O 7. g3 Qd6 $6 {Schwarz hat
viele Möglichkeiten: 7...Bg4 mit der Idee Nbd7,Re8 und e5, wenn Weiss h3
spielt, dann Bxf3 und der weiße Läufer ist nicht so gefährlich wegen der
c6-und -d5 Bauern. Die andere Möglichkeit ist das sofortige Nbd7 und Re8,
nebst e5. In der Partie steht die Dame auf d6 nicht gut.} 8. a3 Nbd7 9. Bg2 e5
10. O-O Re8 11. e4 dxe4 (11... d4 12. c5 Qc7 13. Nc4 Bf8 14. Nfd2 $16) 12. dxe4
b6 13. Qc2 c5 $6 {13...Bb7 sieht natuerlicher aus.} 14. Rfe1 Bb7 {Beide
Spieler haben ihre Entwicklung beendet, wegen seines Raumvorteils steht Weiss
nur ein wenig besser.} (14... cxb4 $2 15. axb4 Qxb4 $4 16. Ba3 Qa5 17. Bd6 {
Gewinnt die Dame.}) 15. b5 Qc7 16. Rad1 Nf8 17. Nb1 {Der schwarze Springer
zielt nach d4. sein weißer Kollege nach d5. Die Frage ist: Wer ist schneller,
aber nach Ne6 haengt der Bauer auf e5.} Rab8 (17... N6d7 18. Nc3 Ne6 19. Nd5
Bxd5 20. exd5 (20. cxd5 $1 Nd4 21. Nxd4 exd4 22. Bxd4 $1 $16) 20... Nd4 21.
Nxd4 cxd4 22. d6 Qxd6 23. Bxa8 Rxa8 $132) 18. Nc3 Re7 19. Nd5 Bxd5 20. exd5 $16
Ne8 {Typisches Verteidigungsmanöver, der schwarze Plan ist klar: Nd6, Rbe8 und
möglicherweise f5.} 21. d6 {Weiss opfert seinen starken d-Bauern um die
Stellung zu öffnen.} Nxd6 22. Nxe5 Rbe8 23. f4 f6 24. Rxd6 $5 fxe5 $2 (24...
Qxd6 25. Bd5+ Ne6 (25... Kh8 26. Nf7+ Rxf7 27. Rxe8 Re7 28. Ra8) 26. Nc6 {
und f4-f5 ist stark.}) 25. Rc6 Qd7 26. Bd5+ Kh8 27. fxe5 Qg4 {27.-,Bxe5 geht
nicht wegen 28.Rxe5.} 28. Qe2 Qxe2 29. Rxe2 Nd7 {29...Ne6 ist besser, aber
Weiss hat schon gewonnen.} 30. e6 Bxb2 31. exd7 Rxe2 32. Rc8 {Ribli} 1-0

[Event "Hastings 9293"]
[Site "Hastings"]
[Date "1992.??.??"]
[Round "10"]
[White "Polugaevsky, Lev"]
[Black "Gurevich, Ilya"]
[Result "0-1"]
[WhiteElo "2640"]
[BlackElo "2510"]
[Annotator "Ribli,Z"]
[PlyCount "88"]
[EventDate "1992.12.??"]
[EventType "tourn"]
[EventRounds "14"]
[EventCountry "ENG"]
[EventCategory "13"]
[SourceTitle "CBM 033"]
[Source "ChessBase"]
[SourceDate "1993.04.01"]
[SourceVersion "1"]
[SourceVersionDate "1993.04.01"]
[SourceQuality "1"]

1. Nf3 Nf6 2. c4 g6 3. b4 Bg7 4. Bb2 O-O 5. e3 d6 6. Be2 e5 7. Nc3 $6 (7. d3 $5
) 7... e4 8. Nd4 c5 9. bxc5 dxc5 10. Nb3 Qe7 11. O-O Rd8 (11... Nc6 12. f3 exf3
(12... Bf5 $5) 13. Bxf3 Ne5 14. Nd5 Nxd5 15. Bxd5 Bg4 16. Qc2 Rac8 $13 {
Dimitrijevic-Jansa Kragujevac 1974}) 12. f3 Bf5 $5 13. g4 (13. fxe4 Nxe4 14.
Qc1 Nxc3 15. Bxc3 Bxc3 16. Qxc3 Nc6 $13) 13... exf3 14. gxf5 fxe2 15. Qxe2 Nc6
16. Rad1 Rac8 17. d3 Ne5 18. e4 a6 $1 19. Kh1 b5 20. Nd5 Nxd5 21. exd5 Re8 22.
Bxe5 (22. f6 $2 Bxf6 23. Rxf6 Qxf6 24. Re1 Qf3+ $19) (22. Rde1 $5 {/\ f6})
22... Bxe5 23. Qf2 {/\ Sd2-e4} Bc3 $1 24. Rc1 b4 25. Rc2 Qc7 26. Re2 Rxe2 27.
Qxe2 a5 28. Nd2 Bxd2 $1 29. Qxd2 Re8 30. f6 Qd6 $1 31. d4 cxd4 32. Qh6 Qf8 33.
Qf4 Re2 34. Qxd4 Qd6 35. Rf2 Rxf2 36. Qxf2 Qe5 37. Qd2 Qxf6 38. Kg2 Qc3 $1 39.
Qe2 Qd4 40. Qe8+ Kg7 41. Qa4 Qxc4 42. Qxa5 h5 43. Qa8 Qe2+ 44. Kg1 h4 0-1